Norwich City Balkan Players - Statistics

General Stats
  • This quiz has been taken 11 times
    5 since last reset
  • The average score is 7 of 13
Answer Stats
Answer % Correct
Ante Crnac
80%
Christos Tzolis
80%
Dimitrios Giannoulis
80%
Mario Vrančić
80%
Mirko Topić
80%
Ozan Kabak
80%
Vladan Kovačević
80%
Jakov Medić
60%
Milot Rashica
60%
Dario Đumić
0%
Dejan Stefanović
0%
Dražen Mužinić
0%
Goran Marić
0%
No matching quizzes found
Score Distribution
Percent of People with Each Score
Percentile by Number Answered
Your Score History
You have not taken this quiz since the last reset